Skip to content
VuFind
Teanga
English
Deutsch
Español
Français
Italiano
日本語
Nederlands
Português
Português (Brasil)
中文(简体)
中文(繁體)
Türkçe
עברית
Gaeilge
Cymraeg
Ελληνικά
Català
Euskara
Русский
Čeština
Suomi
Svenska
polski
Dansk
slovenščina
اللغة العربية
বাংলা
Galego
Tiếng Việt
Hrvatski
हिंदी
Gach Réimse
Teideal
Údar
Ábhar
Gairmuimhir
ISBN/ISSN
Clib
Aimsigh
Ardroghanna
Reset Filters
Topaicí Molta:
TELECOM SERVICES
Reset Filters
Show filters (1)
Topaicí Molta:
TELECOM SERVICES
Cuardaigh
ECOMMERCE
Luaigh É Seo
Seol é seo mar ríomhphost
Priontáil
Easpórtáil an Taifead seo
Easpórtáil chuig RefWorks
Easpórtáil chuig EndNoteWeb
Easpórtáil chuig EndNote
permanent_link
Á lódáil...
ECOMMERCE
Sealbhúcháin
Cur Síos
Míreanna Comhchosúla
Amharc Foirne
LEADER
00148 a2200097 4500
020
260
942
|c
BB
|6
_
245
|a
ECOMMERCE
100
999
|c
61092
|d
61092
Míreanna Comhchosúla
Business of ecommerce
le: May,Paul
Foilsithe: (1999)
Ecommerce: An Indian Perspective
le: Joseph, P T
Foilsithe: (2009)
Ecommerce: An Indian Perspective
le: Joseph, P T
Foilsithe: (2009)
Business of Ecommerce: From corporate strategy to technology /
le: May, Paul
Foilsithe: (2000)
Business of Ecommerce From corporate strategy to technology /
le: May, Paul
Foilsithe: (2000)
Á lódáil...